| 000 | 01080cam a2200301 a 4500 | ||
|---|---|---|---|
| 001 | 17170456 | ||
| 003 | ARRUPE | ||
| 005 | 20130930170754.0 | ||
| 008 | 120217s2012 miu b 001 0 eng | ||
| 010 | _a 2012004738 | ||
| 020 | _a9780802866349 (pbk. : alk. paper) | ||
| 040 |
_aDLC _cDLC _dDLC |
||
| 042 | _apcc | ||
| 043 | _af------ | ||
| 050 | 0 | 0 |
_aBV3500 _b.S64 2012 |
| 100 |
_aHarries, Patrick _91730 |
||
| 245 | 0 | 4 |
_aThe spiritual in the secular : _bmissionaries and knowledge about Africa / _cedited by Patrick Harries & David Maxwell. |
| 260 |
_aGrand Rapids, Mich. : _bW.B. Eerdmans Pub. Co., _c2012. |
||
| 300 |
_axvi, 341 p. ; _c24 cm. |
||
| 490 | 0 | _aStudies in the history of Christian missions | |
| 504 | _aIncludes bibliographical references and index. | ||
| 650 | 0 |
_aMissions _zAfrica. _91731 |
|
| 700 | 1 |
_aHarries, Patrick. _91732 |
|
| 700 | 1 |
_aMaxwell, David, _d1963- _91733 |
|
| 906 |
_a7 _bcbc _corignew _d1 _eecip _f20 _gy-gencatlg |
||
| 942 |
_2lcc _cMONOGRAPH |
||
| 999 |
_c118158 _d118158 |
||